| 000 | 00858nam0a22002531 4500 | ||
|---|---|---|---|
| 001 | rc\122092 | ||
| 005 | 20250620191114.0 | ||
| 010 |
_a5-230-01900-X _9200 |
||
| 035 | _a(NLR Aleph) 005379228 | ||
| 090 |
_a7082698 _c7082698 |
||
| 100 | _a20021216d1995 |||y0rusy50 ca | ||
| 101 | 0 | _arus | |
| 102 | _aRU | ||
| 105 | _ay ||||||||| | ||
| 200 | 1 |
_aМенеджмент. Управление персоналом _eУчеб. пособие [для экон. специальностей вузов] _fБрат. индустр. ин-т |
|
| 210 |
_aБратск _cБрИИ _d1995 |
||
| 215 |
_a86 с. _d21 |
||
| 320 | _aБиблиогр.: с. 84-85 (24 назв.) | ||
| 700 | 1 |
_aСлинкова _bО.К. _gОльга Константиновна |
|
| 801 | 0 |
_aRU _bNLR _gpsbo |
|
| 801 | 1 |
_aRU _bELAR _2rusmarc |
|
| 852 |
_aNLR _j96-4/10610 |
||
| 942 | _cBOOK | ||
| 980 | _aNB | ||